000 00635nam a22002537a 4500
003 UA-OsUOA
001 24622
007 ta
008 20040224b un ||||| |||| 00| 0 ukr d
100 _aЮдин Ю.А.
090 _a329:34
_bЮ16
942 _cBK
040 _aUA-OsUOA
_brus
_cUA-OsUOA
_dUA-OsUOA
245 _aПолитические партии и право в современном государстве
300 _a288 с.
955 _a0
041 _arus
080 _a329:34
020 _a5-86225-691-1
260 _aМосква
_bФорум
_c1998
044 _aRU
650 7 _2UDC
999 _c310901
_d310901